[Event "Oebro mod kvindelandsholdet 2020"]
[Site "Copenhagen"]
[Date "2020.06.27"]
[Round "7.1"]
[White "Ayzenberg, Alena"]
[Black "Nilssen, Ellen Fredericia"]
[Result "0-1"]
[WhiteElo "1967"]
[BlackElo "2071"]
[PlyCount "86"]
[EventDate "2020.06.??"]
[EventType "team"]
[EventRounds "8"]
[EventCountry "DEN"]

1. d4 d5 2. c4 e6 3. Nf3 a6 4. g3 dxc4 5. Bg2 b5 6. Ne5 c6 7. Nxc6 Qb6 8. Ne5
Bb7 9. e4 Nf6 10. O-O Nxe4 11. Qh5 Qc7 12. Bxe4 Bxe4 13. Nc3 Bb7 14. Re1 Bd6
15. Ng4 Kf8 16. Bh6 gxh6 17. Qxh6+ Ke8 18. Qg7 Rf8 19. d5 Kd8 20. Rad1 f5 21.
Qh6 fxg4 22. Rxe6 Bc5 23. Ne4 Nd7 24. Qg5+ Kc8 25. Qxg4 Kb8 26. a4 Ne5 27. Rxe5
Bxf2+ 28. Nxf2 Qxe5 29. Qd7 Qc7 30. Qe6 Ka7 31. axb5 Qb6 32. Qe2 Rae8 33. Qc2
Qxb5 34. Qd2 Qxd5 35. Qxd5 Bxd5 36. Rxd5 Re1+ 37. Kg2 Re2 38. Rd7+ Ka8 39. Rxh7
Rfxf2+ 40. Kg1 Rxb2 41. Rh8+ Ka7 42. Rh7+ Kb6 43. Rh6+ Ka5 0-1

[Event "Oebro mod kvindelandsholdet 2020"]
[Site "Copenhagen"]
[Date "2020.06.27"]
[Round "7.2"]
[White "Ertbjerg, Andreas Lund"]
[Black "Kakulidis, Ellen"]
[Result "0-1"]
[WhiteElo "2046"]
[BlackElo "2041"]
[PlyCount "58"]
[EventDate "2020.06.??"]
[EventType "team"]
[EventRounds "8"]
[EventCountry "DEN"]

1. e4 e5 2. f4 d5 3. exd5 c6 4. Nc3 exf4 5. Nf3 cxd5 6. Bb5+ Nc6 7. d4 Nf6 8.
O-O Bd6 9. Ne5 Qc7 10. Bxf4 O-O 11. Bg5 Bxe5 12. dxe5 Qb6+ 13. Kh1 Ng4 14. a4
Nf2+ 15. Rxf2 Qxf2 16. Nxd5 Nxe5 17. Qh5 Bg4 18. Qh4 Qxh4 19. Bxh4 a6 20. Bf1
f6 21. h3 Bh5 22. g4 Bf7 23. Bg2 Rfd8 24. Nb6 Rab8 25. b4 Rd2 26. Rc1 Nc4 27.
Nxc4 Bxc4 28. Bg3 Rbd8 29. Bf3 Bd5 0-1

[Event "Oebro mod kvindelandsholdet 2020"]
[Site "Copenhagen"]
[Date "2020.06.27"]
[Round "7.3"]
[White "Philipsen, William Horup"]
[Black "Fredericia, Louise Winther"]
[Result "0-1"]
[WhiteElo "1991"]
[BlackElo "2005"]
[PlyCount "126"]
[EventDate "2020.06.??"]
[EventType "team"]
[EventRounds "8"]
[EventCountry "DEN"]

1. e4 c6 2. d4 d5 3. f3 e6 4. Be3 Nf6 5. e5 Nfd7 6. Bd3 c5 7. c3 Nc6 8. f4 Qb6
9. b4 c4 10. Bc2 a5 11. b5 Qxb5 12. Nd2 a4 13. f5 exf5 14. Qf3 Qb2 15. Qd1 Qxc3
16. Kf2 Nxd4 17. Rc1 f4 18. Bxf4 Bc5 19. Kf1 Nxc2 20. Rxc2 Qd4 21. Qf3 O-O 22.
Ne2 Qd3 23. Rc3 Qxf3+ 24. gxf3 Re8 25. h4 Nxe5 26. Bxe5 Rxe5 27. f4 Re3 28.
Rxe3 Bxe3 29. Nf3 Bf5 30. Ned4 Be4 31. Rh3 Bxf4 32. Ng5 Bxg5 33. hxg5 Rb8 34.
Nb5 Bd3+ 35. Ke1 Re8+ 36. Kd1 g6 37. a3 Re5 38. Rg3 Kg7 39. Kd2 f6 40. gxf6+
Kxf6 41. Kc3 Rg5 42. Rf3+ Rf5 43. Re3 Re5 44. Rf3+ Rf5 45. Re3 Be4 46. Kb4 Rf3
47. Re1 b6 48. Nc3 h5 49. Nxe4+ dxe4 50. Rxe4 Rb3+ 51. Kxa4 b5+ 52. Ka5 c3 53.
Re8 c2 54. Rc8 Rb2 55. a4 bxa4 56. Kxa4 h4 57. Ka3 Rb7 58. Rxc2 g5 59. Rc6+ Kf5
60. Rc5+ Kg4 61. Rc4+ Kh5 62. Rc8 h3 63. Ka4 Kh4 0-1

[Event "Oebro mod kvindelandsholdet 2020"]
[Site "Copenhagen"]
[Date "2020.06.27"]
[Round "7.4"]
[White "Jepsen, Thomas Tange"]
[Black "Vangsgaard, Freja"]
[Result "1-0"]
[WhiteElo "2116"]
[BlackElo "1954"]
[PlyCount "127"]
[EventDate "2020.06.??"]
[EventType "team"]
[EventRounds "8"]
[EventCountry "DEN"]

1. d4 Nf6 2. c4 e6 3. Nc3 Bb4 4. e3 c5 5. Bd3 b6 6. Nge2 Bb7 7. O-O cxd4 8.
exd4 O-O 9. Bg5 h6 10. Bh4 Be7 11. Qb3 d5 12. c5 Ba6 13. Bxa6 Nxa6 14. Qa4 Qc8
15. b4 g5 16. Bg3 Nh5 17. Rac1 Nxg3 18. hxg3 Qb7 19. c6 Qc8 20. b5 Nc7 21. Qb3
Qd8 22. a4 Qd6 23. f4 f5 24. fxg5 hxg5 25. Qc2 Kg7 26. Qd3 Rf6 27. Qe3 Rh8 28.
Qxg5+ Rg6 29. Qf4 Qd8 30. Qe3 Bd6 31. Nf4 Qg5 32. Kf2 Rgh6 33. Nfxd5 Qxe3+ 34.
Nxe3 Rg6 35. Ne2 Bxg3+ 36. Nxg3 f4 37. Ngf5+ exf5 38. Nxf5+ Kf6 39. Nd6 Ke6 40.
Ne4 Kf5 41. Rce1 Re8 42. Nc3 Reg8 43. Re5+ Kf6 44. Ne4+ Kf7 45. Ke1 Rxg2 46.
Rxf4+ Kg6 47. Rf6+ Kh7 48. Rf7+ R8g7 49. Ree7 Rxf7 50. Rxf7+ Rg7 51. Rxg7+ Kxg7
52. Kd2 Kf7 53. Nd6+ Ke7 54. Nc8+ Kd8 55. Nxa7 Nd5 56. Kd3 Kc7 57. Ke4 Ne7 58.
d5 Kd6 59. a5 Nxd5 60. Nc8+ Kc5 61. axb6 Nc3+ 62. Kd3 Nxb5 63. b7 Kxc6 64. b8=Q
1-0

[Event "Oebro mod kvindelandsholdet 2020"]
[Site "Copenhagen"]
[Date "2020.06.28"]
[Round "8.2"]
[White "Kakulidis, Ellen"]
[Black "Philipsen, William Horup"]
[Result "1/2-1/2"]
[WhiteElo "2041"]
[BlackElo "1991"]
[PlyCount "90"]
[EventDate "2020.06.??"]
[EventType "team"]
[EventRounds "8"]
[EventCountry "DEN"]

1. d4 d5 2. Bf4 Nc6 3. Nf3 f6 4. e3 g5 5. Bg3 g4 6. Nh4 e5 7. Be2 f5 8. dxe5
Be7 9. Nxf5 Bxf5 10. Bxg4 Qd7 11. Bh5+ Bg6 12. Bg4 Bf5 13. Bh5+ Bg6 14. Bg4 Qd8
15. Bf3 Nb4 16. Na3 Nh6 17. Be2 Nf5 18. c3 Nxg3 19. hxg3 Nc6 20. f4 Bxa3 21.
bxa3 O-O 22. Bf3 Ne7 23. g4 Be4 24. Kf2 Bxf3 25. Qxf3 Ng6 26. Rh5 Qd7 27. Rah1
Rae8 28. Qh3 Nxe5 29. Rxh7 Qxg4 30. Rh8+ Kf7 31. Qh7+ Qg7 32. fxe5 Rxh8 33. e6+
Kxe6 34. Qxg7 Rxh1 35. Qg6+ Ke7 36. Qg5+ Kd6 37. Qf4+ Re5 38. Qf8+ Re7 39. Qf6+
Re6 40. Qf4+ Re5 41. Qf6+ Re6 42. Qf4+ Kc6 43. Qa4+ Kb6 44. Qb4+ Kc6 45. Qa4+
Kb6 1/2-1/2

[Event "Oebro mod kvindelandsholdet 2020"]
[Site "Copenhagen"]
[Date "2020.06.28"]
[Round "8.3"]
[White "Fredericia, Louise Winther"]
[Black "Jepsen, Thomas Tange"]
[Result "1-0"]
[WhiteElo "2005"]
[BlackElo "2116"]
[PlyCount "69"]
[EventDate "2020.06.??"]
[EventType "team"]
[EventRounds "8"]
[EventCountry "DEN"]

1. g3 d5 2. Bg2 c5 3. d3 Nc6 4. Nd2 e5 5. e4 d4 6. Ngf3 Bd6 7. c3 Nge7 8. O-O
O-O 9. Rb1 b5 10. cxd4 cxd4 11. a4 a6 12. Ne1 Qc7 13. axb5 axb5 14. Nb3 Be6 15.
f4 f6 16. Bd2 Bb4 17. Rf2 Qd6 18. Nf3 Bxd2 19. Nbxd2 Nb4 20. Bf1 Nec6 21. fxe5
Nxe5 22. Nxe5 fxe5 23. Nf3 h6 24. Qd2 Bg4 25. Nxe5 Rxf2 26. Kxf2 Rf8+ 27. Kg1
Bh5 28. Bh3 Na6 29. Nd7 Rf3 30. e5 Qg6 31. Rc1 Qxd3 32. Be6+ Kh8 33. Rc8+ Kh7
34. Qxd3+ Rxd3 35. Bf5+ 1-0

[Event "Oebro mod kvindelandsholdet 2020"]
[Site "Copenhagen"]
[Date "2020.06.28"]
[Round "8.4"]
[White "Vangsgaard, Freja"]
[Black "Ayzenberg, Alena"]
[Result "1-0"]
[WhiteElo "1954"]
[BlackElo "1967"]
[PlyCount "129"]
[EventDate "2020.06.??"]
[EventType "team"]
[EventRounds "8"]
[EventCountry "DEN"]

1. d4 Nf6 2. c4 e6 3. Nc3 Bb4 4. e3 c5 5. Nge2 cxd4 6. exd4 O-O 7. a3 Be7 8. d5
exd5 9. cxd5 Bc5 10. h3 Qb6 11. Be3 Bxe3 12. fxe3 Qxe3 13. Qd4 Re8 14. Qxe3
Rxe3 15. Kf2 Re5 16. Nd4 Na6 17. Bxa6 bxa6 18. Rhe1 Rxe1 19. Rxe1 Rb8 20. b4 g6
21. Nb3 d6 22. Na5 Bb7 23. Nxb7 Rxb7 24. Ne4 Nxe4+ 25. Rxe4 Kg7 26. Ke3 a5 27.
Rc4 axb4 28. axb4 Kf6 29. Kf4 h5 30. g4 g5+ 31. Ke4 h4 32. Kd4 Kg6 33. Ke4 Rb6
34. Rd4 Ra6 35. Rc4 Kf6 36. Rc6 Rb6 37. b5 Rxb5 38. Rxd6+ Ke7 39. Ra6 f6 40.
Rxa7+ Kd6 41. Ra6+ Ke7 42. Rc6 Rb3 43. Rc7+ Kd6 44. Rf7 Rxh3 45. Rxf6+ Kc5 46.
Rc6+ Kb5 47. Rc1 Ra3 48. Kf5 Rd3 49. Kxg5 h3 50. Kh4 h2 51. Rh1 Rd2 52. Kg3
Rxd5 53. Rxh2 Kc6 54. Re2 Kd6 55. Kh4 Kd7 56. g5 Rd1 57. Kh5 Rh1+ 58. Kg6 Rg1
59. Re5 Ra1 60. Kf6 Ra6+ 61. Kf7 Ra8 62. g6 Kd6 63. Re6+ Kd7 64. g7 Rb8 65. Rf6
1-0